| 000 | 00415cam a22001457a 4500 | ||
|---|---|---|---|
| 008 | 180718b1958 xxu||||| |||| 00| 0 eng d | ||
| 082 | _aA99 G151/N15 | ||
| 100 | _aNamboodiripad, E.M.S | ||
| 245 |
_aMahatama and the ism _cby E.M.S Namboodiripad |
||
| 260 |
_aNew Delhi _bPeopl's Pub. House _c1958 |
||
| 300 | _a130p. | ||
| 500 | _aRs.3.75 | ||
| 650 | _aCommunism | ||
| 650 | _aGandhi Mohandas Karamchand 1869 - 1948 | ||
| 999 |
_c375033 _d375033 |
||